"U" Countries - World Map Sudden Death - Statistics

General Stats
  • This quiz has been taken 236 times
    65 since last reset
  • The average score is 8 of 13
Answers on the Grid
Answers color-coded by a green-red scale on the quiz's grid according to % correct below.
 
Answer Stats
Answer % Correct
United States
85%
United States
85%
United Kingdom, Ukraine
81%
Ukraine, Uzbekistan, United Arab Emirates
81%
United Kingdom, Ukraine
79%
Uganda, United Arb Emirates
73%
United States
69%
Uruguay
69%
Uganda
60%
Ukraine
52%
United States
44%
Uzbekistan
33%
United States (Puerto Rico)
27%
No matching quizzes found
Score Distribution
Percent of People with Each Score
Percentile by Number Answered
Your Score History
You have not taken this quiz since the last reset